| 000 | 00618nam a22001937a 4500 | ||
|---|---|---|---|
| 005 | 20151015123922.0 | ||
| 010 | _aENG-113654 | ||
| 020 |
_a9788189430054 _c170.00 |
||
| 035 | _aEN-97186 | ||
| 037 | _bDBAD/PUB | ||
| 082 | _a230.53 | ||
| 100 | _aKriyananda, Swami | ||
| 245 |
_aA handbook on discipleship : _cby Swami Kriyananda _bbased on the teachings of Paramhansa Yogananda / |
||
| 260 |
_aGurgaon _bAnanda Sangha Publications _c2014 |
||
| 270 |
_bGurgaon _aB-10/8, DLF Phase- I |
||
| 300 |
_a158p. _c21cm(pbk) |
||
| 490 | _aAnanda course in self- realization | ||
| 942 |
_2ddc _cEN _mKRI _h230.53 |
||
| 999 |
_c95208 _d95208 |
||